साधना से शान्ति और प्रभु प्राप्ति कैसे ? / (Record no. 63112)
[ view plain ]
| 000 -LEADER | |
|---|---|
| fixed length control field | 00754 aa a2200217 4500 |
| 005 - DATE AND TIME OF LATEST TRANSACTION | |
| control field | 20190418115311.0 |
| 010 ## - LCCN (DPL NO) | |
| LC control number | |
| 020 ## - INTERNATIONAL STANDARD BOOK NUMBER | |
| Terms of availability | 135.00 |
| International Standard Book Number | |
| 035 ## - SYSTEM CONTROL NUMBER | |
| System control number | B-146788, B-146827 |
| 037 ## - SOURCE OF ACQUISITION | |
| Source of stock number/acquisition | |
| Stock number | dpl |
| 082 ## - DEWEY DECIMAL CLASSIFICATION NUMBER | |
| Classification number | 230.42 |
| 100 ## - MAIN ENTRY--PERSONAL NAME | |
| Personal name | त्यागी, बी.एस. |
| 245 ## - TITLE STATEMENT | |
| Title | साधना से शान्ति और प्रभु प्राप्ति कैसे ? / |
| Statement of responsibility, etc | बी.एस. त्यागी |
| 246 ## - VARYING FORM OF TITLE | |
| Title proper/short title | |
| 260 ## - PUBLICATION, DISTRIBUTION, ETC. (IMPRINT) | |
| Place of publication, distribution, etc | दिल्ली |
| Name of publisher, distributor, etc | बी.एस. त्यागी |
| Date of publication, distribution, etc | व.अ. |
| 260 ## - PUBLICATION, DISTRIBUTION, ETC. (IMPRINT) | |
| Place of publication, distribution, etc | |
| 300 ## - PHYSICAL DESCRIPTION | |
| Extent | 106पृ |
| Dimensions | 22 सेमी (सजिल्द) |
| 650 ## - SUBJECT ADDED ENTRY--TOPICAL TERM | |
| Topical term or geographic name as entry element | Statistic |
| 700 ## - ADDED ENTRY--PERSONAL NAME | |
| Personal name | ओझा, एन.एन. |
| 9 (RLIN) | 42439 |
| 942 ## - ADDED ENTRY ELEMENTS (KOHA) | |
| Institution code [OBSOLETE] | dpl |
| Item type | Hindi Books |
| Call number prefix | |
| Source of classification or shelving scheme | Dewey Decimal Classification |
| Classification part | 230.42 |
| Call number suffix | त्यागी |
| Withdrawn status | Lost status | Not for loan | Collection code | Home library | Current library | Date acquired | Cost, normal purchase price | Full call number | Barcode | Cost, replacement price | Koha item type |
|---|---|---|---|---|---|---|---|---|---|---|---|
| Non-fiction | Sarojini Nagar | Sarojini Nagar | 17/02/2012 | 135.00 | 230.42 त्यागी | B-146788 | 135.00 | Hindi Books |
